| 000 | 00534nam a22001937a 4500 | ||
|---|---|---|---|
| 999 |
_c159300 _d159300 |
||
| 010 | _aB-98938 | ||
| 020 |
_a8187649410 _c250.00 |
||
| 035 | _aB-98938 | ||
| 037 |
_aDBAD/PUB _bkatha |
||
| 082 |
_22003 _aS |
||
| 100 | _arai sara | ||
| 245 |
_ahindi:handpicked fictions _bandpicked fictions _csara rai _henglish |
||
| 250 | _a2003 | ||
| 260 |
_anew delhi _bkatha _c2003 |
||
| 270 | _aA-3,Sarvodya Enclave,shri Aurbindo Marg | ||
| 300 |
_a260 Pages _c20 CM,PBK |
||
| 700 | _aSARA Rai | ||
| 942 |
_2ddc _cEN _e2003 _hs _kHIN _mSara rai |
||